• 首页
  • 本馆介绍
  • 公告通知
  • 最新文献
  • 馆藏检索
  • 电子资源
  • 读者导购
  • 参考咨询
  • 我的图书馆
  • 登录
  • 详细信息显示
  • 放入我的书架
  • 预约/预借图书
  • 作者相关作品
  • 分类相关作品
  • 丛书相关作品
  • 出版社相关作品

书目信息

  • 表格格式
  • 工作单格式
  • 卡片格式
题名:
一学就会的闪算
    
 
作者: 刘开云 , 李燕燕 , 王毅 编著
分册:  
出版信息: 北京   电子工业出版社  2014.09
页数: 158页
开本: 25cm
丛书名:
单 册:
中图分类: O121.4
科图分类:
主题词: 速算--su suan--普及读物
电子资源:
ISBN: 978-7-121-24383-7
000 00927nam0 2200277 450
001 0109110234
005 20201109110340.0
010    @a978-7-121-24383-7@dCNY32.80
100    @a20141127e20192014em y0chiy50 ea
101 0  @achi
102    @aCN@b110000
105    @ay z 000yy
106    @ar
200 1  @a一学就会的闪算@Ayi xue jiu hui de shan suan@f刘开云, 李燕燕, 王毅编著
210    @a北京@c电子工业出版社@d2014.09@h2019.05
215    @a158页@d25cm
300    @a数学思维培养经典读物
330    @a本书以人们常用的计算为内容,阐述计算原理,系统介绍了两个数加减乘除、乘方、开方的多种闪速技巧。
510 1  @aEasy-to-learn flash calculation@zeng
606 0  @a速算@Asu suan@j普及读物
690    @aO121.4@v5
701  0 @a刘开云@Aliu kai yun@c(教育)@4编著
701  0 @a李燕燕@Ali yan yan@c(数学)@4编著
701  0 @a王毅@Awang yi@c(金融)@4编著
801  0 @aCN@bBJSZM@c20201103
905    @b1241495-8@dO121.4@e153@f4
    
    一学就会的闪算/刘开云, 李燕燕, 王毅编著.-北京:电子工业出版社,2014.09(2019.05)
    158页;25cm
    数学思维培养经典读物
    
    ISBN 978-7-121-24383-7:CNY32.80
    本书以人们常用的计算为内容,阐述计算原理,系统介绍了两个数加减乘除、乘方、开方的多种闪速技巧。
●
相关链接 在E读中查询图书 在五车中查询图书 在当当中查询图书 在豆瓣中查询图书


正题名:一学就会的闪算     索取号:O121.4/153         预约/预借

序号 登录号 条形码 馆藏地/架位号 状态 备注
1 1241495   212414957   第二样本阅览室/ [索取号:O121.4/153] 在馆    
2 1241496   212414966   第三借阅区/ [索取号:O121.4/153] 在馆    
3 1241497   212414975   第三借阅区/ [索取号:O121.4/153] 在馆    
4 1241498   212414984   第三借阅区/ [索取号:O121.4/153] 在馆    
唐山师范学院图书馆 欢迎您!
大连网信软件有限公司© 版权所有